Research of noise and vibration analysis for structures involving transfer path and sound source /
Saved in:
| Main Author: | |
|---|---|
| Format: | Thesis |
| Language: | English |
| Published: |
Kyoto, Japan :
Department of Mechanical Engineering, Doshisha University,
2015
|
| Subjects: | |
| Tags: |
Add Tag
No Tags, Be the first to tag this record!
|
| LEADER | 010920000a22002650004500 | ||
|---|---|---|---|
| 008 | 160411s2015 ja a g m 000 0 eng d | ||
| 040 | |a UIAM |b eng |e rda | ||
| 050 | 0 | |a TD892 | |
| 100 | 0 | |a Hilmi bin Hela Ladin, |e author | |
| 245 | 1 | 0 | |a Research of noise and vibration analysis for structures involving transfer path and sound source / |c by Hilmi bin Hela Ladin |
| 264 | 1 | |a Kyoto, Japan : |b Department of Mechanical Engineering, Doshisha University, |c 2015 | |
| 300 | |a 101 leaves : |b illustrations ; |c 30 cm. | ||
| 336 | |2 rdacontent |a text | ||
| 337 | |2 rdamedia |a unmediated | ||
| 338 | |2 rdacarrier |a volume | ||
| 502 | |a Thesis (Ph. D.)--Doshisha University, 2015. | ||
| 504 | |a Includes bibliographical references. | ||
| 596 | |a 1 | ||
| 650 | 0 | |a Noise pollution | |
| 650 | 0 | |a Vibration | |
| 655 | 0 | 7 | |a Theses, IIUM foreign |
| 710 | 2 | |a Doshisha University. |b Department of Mechanical Engineering | |
| 900 | |a oc-amr-hj-a jt | ||
| 999 | |c 437087 |d 469340 | ||
| 952 | |0 0 |6 T TD 000892 H655R 2015 |7 0 |8 THESES |9 761021 |a IIUM |b IIUM |c MULTIMEDIA |g 0.00 |o t TD 892 H655R 2015 |p 11100345330 |r 2018-03-09 |t 1 |v 0.00 |y THESIS | ||
